000
00304nam a2200145Ia 4500
100
_a
Clifton/H.D
942
_c
BK
654
_a
business
245
_a
Business data system
260
_b
prentice hall
_a
New Jersey
_c
1983
082
_a
658.054
_b
CLI
300
_a
387
546
_a
ENGLISH
999
_c
23233
_d
23233